El lugar sin límites /
Guardat en:
| Autor principal: | |
|---|---|
| Format: | Llibre |
| Idioma: | Spanish |
| Publicat: |
Barcelona:
Bruguera,
1981.
|
| Col·lecció: | Club Bruguera ;
70 |
| Matèries: | |
| Etiquetes: |
Afegir etiqueta
Sense etiquetes, Sigues el primer a etiquetar aquest registre!
|
MARC
| LEADER | 00000nam a22000001i 4500 | ||
|---|---|---|---|
| 001 | bimo0000793234 | ||
| 005 | 20141209063733.0 | ||
| 008 | 900725s1981 sp spa | ||
| 020 | |a 8402079199 | ||
| 040 | |a SpMaBN |b spa |c A2 | ||
| 082 | |a Ch863.4 |b D687L | ||
| 100 | 1 | |a Donoso, José |d 1924-1996 | |
| 245 | 1 | 3 | |a El lugar sin límites / |h [Texto impreso] |c José Donoso |
| 260 | |a Barcelona: |b Bruguera, |c 1981. | ||
| 300 | |a 187 páginas | ||
| 490 | 0 | |a Club Bruguera ; |v 70 | |
| 650 | 1 | 4 | |a LITERATURA CHILENA |v NOVELA |
| 942 | |2 ddc |c BK | ||
| 956 | |a 1 2 | ||
| 999 | |c 3673 |d 3673 | ||



